000 00363 a2200121 4500
001 ART_46381
005 20260410161925.0
008 260409a
245 1 0 _aBenefits of narrow business strategies
100 1 _aRotemberg, Julio
700 1 _aSaloner, Garth
773 0 _tThe American Economic Review
_g- Vol. 84, NÂș 5 (dic. 1994)
_wREV16190
999 _c28112
_d28112